The Lollipop Guild Song Quiz Stats

 Plays Quiz Updated Aug 5, 2014

Support Sporcle.
Go Orange.
Score 0/27 Timer 01:00
0 Plays Today
% Correct
the
98%
the
98%
the
98%
the
98%
the
98%
We
92.1%
we
92.1%
Lollipop
91.2%
Lollipop
91.2%
Lollipop
91.2%
Lollipop
91.2%
Guild,
88.6%
Guild,
88.6%
Guild,
88.6%
% Correct
Guild,
88.6%
represent
79.5%
you
77.4%
to
76.1%
to
76.1%
welcome
71%
and
70.3%
Land
67.7%
Munchkin
66%
of
58.2%
in
54.8%
wish
49.9%
name
48%

You're not logged in!

Compare scores with friends on all Sporcle quizzes.
OR
Log In

From the Vault

Muppet Show Acts

by Pushcake

Sporcle quizzes are a lot harder to finish with hecklers in the crowd.
Remove Ads.
Support Sporcle.
Get the best of Sporcle when you Go Orange. This ad-free experience offers more features, more stats, and more fun while also helping to support Sporcle. Thank you for becoming a member.

Show Comments

Extras

Top Quizzes Today


Score Distribution

Your Account Isn't Verified!

In order to create a playlist on Sporcle, you need to verify the email address you used during registration. Go to your Sporcle Settings to finish the process.

Report this User

Report this user for behavior that violates our Community Guidelines.

Details: